000 00474nmm a2200157Ia 4500
008 251105s9999||||xx |||||||||||||||||und||
020 _a9781558854529
041 _aeng
100 _aJaffe, Nina
245 4 _aThe golden flower : A Taíno myth from Puerto Rico
264 _a[Washington, Estados Unidos] :
_bArte Público Press,
_c2005
300 _a32 páginas
650 _aAges 6-8 Years Old
856 _uhttps://public.digitaliapublishing.com/a/23139
942 _cCF
999 _c74787
_d74787